000 00242nam a2200109 a 4500
008 101208s1972|||| d
245 1 0 _aUmenie orientu
260 _c1972
_bPallas
_aBratislava
020 _c95
041 _aslo
044 _axo
_cSK
999 _c14945
_d14945